Statistics for Henry Danger Intro Comprehension

Click here to take the quiz!

General Stats

  • This quiz has been taken 42 times
  • The average score is 9 of 14

Answer Stats

HintAnswer% Correct
Was he responsible?no
91%
Was this by accident or on purpose?accident
86%
What is Ray's superhero name?Captain Man
86%
Which city do they protect?Swellview
83%
What occupation did Ray's dad have?scientist
80%
And _____ _____fight crime
66%
Ray's dad made Ray what?indestructible
66%
Now, we ____ _______blow bubbles
63%
What did Henry need?after school job
54%
What did Ray say he needed?sidekick
46%
How does Henry describe Junk n Stuff?crazy
43%
How does he describe Ray? (include intensifier)pretty interesting
34%
What did Henry tell us Ray wanted?help
31%
What did Ray eventually realize? (I hope you were listening!)being a superhero is a lot to handle alone
26%

Score Distribution

Percentile by Number Answered

Percent of People with Each Score

Your Score History

You have not taken this quiz